000 00702nam a2200205 i 4500
001 51039
003 ES-MaACL
005 20240415143606.0
007 t|
008 030808s1962 sp ||||1| spa d
080 _a821.133.1-13"11"
130 3 _aLa Chanson de Roland.
_lEspañol.
_9119744
245 1 3 _aLa Gesta de Roldán /
_cversión castellana de "La chansón de Roland" por Eduardo Marquina ; introducción de Ramón Castelltort.
260 _a[Barcelona :
_bZeus,
_c1962] (
_fAlgueró y Baiges)
300 _a245 p. ;
_c18 cm.
700 1 _aMarquina, Eduardo,
_d1879-1946
_977043
700 1 _aCastelltort, Ramón.
_936603
852 _aES-MaACL
_jC-21711
_bR.50054
999 _c51039
_d51039